Taking place: (Record no. 1753)
[ view plain ]
| 000 -LEADER | |
|---|---|
| campo de control de longitud fija | 00808nam a2200157 4500 |
| 008 - DATOS DE LONGITUD FIJA--INFORMACIÓN GENERAL | |
| campo de control de longitud fija | 708 EL48t |
| 020 ## - NÚMERO INTERNACIONAL ESTÁNDAR DEL LIBRO | |
| Número Internacional Estándar del Libro | 3775711562 |
| 082 ## - NÚMERO DE LA CLASIFICACIÓN DECIMAL DEWEY | |
| Número de clasificación | 708 |
| Número de ítem | EL48t |
| 100 ## - ENTRADA PRINCIPAL--NOMBRE DE PERSONA | |
| Nombre de persona | Elmgreen, Michael |
| 9 (RLIN) | 6968 |
| 245 ## - MENCIÓN DEL TÍTULO | |
| Título | Taking place: |
| Resto del título | The works f Michael Elmgreen & Ingar Dragset |
| 260 ## - PUBLICACIÓN, DISTRIBUCIÓN, ETC. | |
| Lugar de publicación, distribución, etc. | Alemania |
| Nombre del editor, distribuidor, etc. | Danish Contemporary Art Foudation |
| Fecha de publicación, distribución, etc. | 2002 |
| 300 ## - DESCRIPCIÓN FÍSICA | |
| Extensión | 148 p. |
| Otras características físicas | il (col) |
| Dimensiones | 24,5 x 19 cm |
| 505 ## - NOTA DE CONTENIDO CON FORMATO | |
| Título | Vorwort / Preface |
| -- | Taking Place |
| Mención de responsabilidad | Beatrix Ruf |
| Título | Transformierende Handlungen / Transformational Acts. An interview with Michael Elmgreen and Ingar Dragset |
| Mención de responsabilidad | Coco Fusco |
| Título | Arbeit am White cube / Work on the White Cube |
| Mención de responsabilidad | Dan Cameron |
| Título | Biografie & Bibliografie / Biography & Bibliography |
| 650 ## - PUNTO DE ACCESO ADICIONAL DE MATERIA--TÉRMINO DE MATERIA | |
| Subdivisión general | arte contemporáneo |
| -- | arte - exhibiciones |
| -- | catálogo de exhibición |
| -- | arte - instalación |
| 9 (RLIN) | 6969 |
| 700 ## - ENTRADA AGREGADA--NOMBRE PERSONAL | |
| Nombre de persona | Dragset, Ingar |
| 9 (RLIN) | 6970 |
| Estatus retirado | Estado de pérdida | Fuente del sistema de clasificación o colocación | Estado de daño | No para préstamo | Biblioteca de origen | Biblioteca actual | Ubicación en estantería | Fecha de adquisición | Total de préstamos | Signatura topográfica completa | Código de barras | Visto por última vez | Precio de reemplazo | Tipo de ítem Koha |
|---|---|---|---|---|---|---|---|---|---|---|---|---|---|---|
| Clasificación Decimal Dewey | Biblioteca LadoV | Biblioteca LadoV | 16/03/2019 | 708 EL48t | 001803 | 16/03/2019 | 16/03/2019 | Material 01 |
